00263nam a2200097Ia 4500082001200000245002500012100006100037942000700098008004100105999001900146 aAF BERG 0aOu vure, nuwe vonke  a BERGH, Rene Pretoria, 2003 1ste druk 918744 cBK210817s9999 xx 000 0 und d c421836d421835